[Event "HUN-ch 56th"]
[Site "Szekesfehervar"]
[Date "2006.03.09"]
[Round "9"]
[White "Almasi, Zoltan"]
[Black "Horvath, Adam"]
[Result "1-0"]
[WhiteElo "2646"]
[BlackElo "2532"]
[Annotator "Ribli,Z"]
[PlyCount "65"]
[EventDate "2006.03.01"]
[EventType "tourn"]
[EventRounds "9"]
[EventCountry "HUN"]
[EventCategory "13"]
[SourceTitle "CBM 112"]
[Source "ChessBase"]
[SourceDate "2006.06.07"]
[SourceVersion "1"]
[SourceVersionDate "2006.06.07"]
[SourceQuality "1"]

1. Nf3 {Eine große Überraschung für Schwarz, GM Almasi spielt praktisch immer
1.e4.} Nf6 2. c4 e6 3. g3 d5 4. Bg2 dxc4 5. Qa4+ c6 6. Qxc4 b5 7. Qc2 Bb7 8.
O-O Nbd7 9. Nc3 a6 10. a4 Rc8 (10... Be7 11. d4 $5 O-O 12. Bg5 Rc8 (12... h6
13. Bxf6 Nxf6 14. Ne4 Nxe4 15. Qxe4 Rb8 16. Qe3 Qb6 17. Ne5 Rfd8 18. Qf4 Bf6
19. Nd7 {1-0 Van der Sterren,P-Luther,T/BL98/99 Castrop-Neukölln 1999/BL9899 
(33)}) 13. Rfd1 b4 (13... h6 14. Bxf6 Nxf6 15. Ne4 Nxe4 16. Qxe4 Rc7 17. Qe3
Qc8 18. Ne5 c5 {1/2-1/2 Paunovic,D-Gustafsson,J/Andorra la Vella 2002/(26)})
14. Bxf6 Nxf6 15. Ne4 Nxe4 16. Qxe4 Rc7 17. Qf4 Qc8 18. Ne5 c5 19. dxc5 Bxg2
20. Kxg2 Bxc5 21. Rac1 Bd6 $1 {1/2-1/2 Schlosser,P-Dautov,R/Germany 2000/CBM
76(23)}) 11. d4 (11. Rd1 Be7 12. d4 c5 (12... O-O $5) 13. axb5 axb5 14. dxc5
Bxc5 15. Ne5 Bxg2 16. Nxd7 Nxd7 17. Kxg2 Qc7 18. Qd3 {1-0 Van Oosterom,
J-Tarnowiecki,H/ICCF 2002/ICCF Telechess CBM 100 (48)}) 11... b4 (11... c5 12.
axb5 axb5 (12... Bxf3 13. Bxf3 cxd4 14. bxa6 dxc3 $13) 13. Nxb5 (13. dxc5 Bxc5)
13... cxd4 14. Qa4 Bc5 15. Bf4 $14 (15. Nbxd4 $2 Ra8 $19)) (11... Be7 12. Ne5
$14) 12. Ne4 c5 13. Nxf6+ gxf6 {Dieser Zug ist etwa unnatürlich; nach meiner
Meinung bietet die Alternative 13...Nf6 Schwarz gute Ausgleichchancen, aber
der Textzug ist auch nicht schlecht.} 14. dxc5 Bxc5 15. Qd3 Nb6 16. Ne1 $1 {
[%mdl 32] Eine übliche Strategie in der katalanischen Stellungen: Weiß tauscht
seinen weißfarbigen Läufer, um seinem Springer gute strategische Felder, z. B.
d3 zu verschaffen.} Bxg2 17. Kxg2 Qxd3 (17... Qd5+ $5 18. e4 (18. Qxd5 Nxd5 19.
Nd3 f5) 18... Qxd3 19. Nxd3 Be7) 18. Nxd3 Bd6 (18... a5 $2 19. Nxc5 Rxc5 20.
Be3 Rc6 21. Bxb6 Rxb6 22. Rac1) 19. a5 Nc4 20. Ra4 Ne5 (20... b3 {Dieser Zug
scheint aktiv, aber im folgendem kann der b3P eine Schwächung sein.} 21. Bf4 (
21. Nb4 Ke7 22. Nxa6 Rhd8) 21... Bxf4 22. gxf4 Rg8+ 23. Kh3 Ke7 24. Rc1 $14)
21. Nxe5 (21. Nxb4 $2 Rc4 22. Bd2 Nc6) 21... fxe5 22. Rd1 Be7 (22... Ke7 $2 23.
Bg5+ f6 24. Bxf6+ Kxf6 25. Rxd6 $18) 23. Be3 {[%mdl 4096] Weiß besitzt die
bessere Bauernstruktur im Endspiel; dafür kontrolliert Schwarz die c-Linie,
weshalb Weiß mit der Turmeindringung auf c2 rechnen muss.} f6 (23... Rc2 24.
Rd2 Rc1 25. Bb6 Rf8 (25... f5 $2 26. Rxb4 $1)) 24. Rd3 Rc2 25. Rd2 Rc6 26. Bb6
{[%csl Gb6]} Rg8 27. h3 Kf7 28. Rd7 {[%csl Gd7]} Rgc8 $2 {Eine schablonenhafte
Fortsetzung.} (28... Rc2 29. Ra7 b3 (29... Rxb2 30. Bc5 Re8 31. Bxb4) 30. Rh4
Rh8 31. Bd8 Rxd8 32. Rxh7+ Kg6 33. Rhxe7 $18) (28... Ra8 29. Ra1 Rc2 30. b3 Ke8
31. Rb7 Rd2 32. Rc1 Rd7 33. Rcc7 Rxc7 34. Rxc7 $16) 29. Ra7 $16 {[%csl Ra6]
[%cal Ra7a6,Ga7f7,Ga4b4] Nach diesem Zug gewinnt Weiß den a6 Bauern und
eigentlich die Partie.} Ke8 (29... Rc2 30. Rxb4 Rxe2 31. Rh4 $18) 30. Rxa6 Rc2
{Diese Turmeindringung ist nicht effektiv.} 31. Be3 Rxb2 (31... Kf7 32. Rb6
Rxb2 33. a6 $18) 32. Rxe6 b3 33. Rh4 (33. Rh4 Kd7 34. Rb6 $18) 1-0

[Event "Hoogovens-B"]
[Site "Wijk aan Zee"]
[Date "1990.01.??"]
[Round "1"]
[White "Van Wely, Loek"]
[Black "Van der Sterren, Paul"]
[Result "0-1"]
[WhiteElo "2445"]
[BlackElo "2515"]
[Annotator "Ribli,Z"]
[PlyCount "78"]
[EventDate "1990.01.??"]
[EventType "tourn"]
[EventRounds "11"]
[EventCountry "NED"]
[EventCategory "9"]
[SourceTitle "CBM 017"]
[Source "ChessBase"]
[SourceDate "1990.08.01"]
[SourceVersion "1"]
[SourceVersionDate "1990.08.01"]
[SourceQuality "1"]

1. Nf3 Nf6 2. c4 e6 3. g3 d5 4. Bg2 dxc4 5. Qa4+ Nbd7 6. Qxc4 c5 7. O-O {
7.Qb3!?  Kortschnoj,V-Renet,O Clermont-Ferrand 1989  CBM/14} b6 8. b3 Bb7 9.
Bb2 Be7 10. d3 O-O 11. Nbd2 a6 {11...Rc8  Kortschnoj,V-Sokolov,A Clermont
Ferrand 1989  CBM/14} 12. Rac1 b5 13. Qc2 Rc8 14. Qb1 Rc7 15. Qa1 Qa8 16. Rfd1
{16.Rc2, Rfc8 17.Rfc1 =} Rfc8 17. Bc3 $6 {17.Nf1!? /\ Ne3} a5 18. a4 b4 19. Bb2
Nb6 20. e4 $6 {20.Nf1!?} Ne8 21. Ne1 Rd7 {>< d3} 22. f4 Bf6 23. e5 Be7 24. Qb1
Bxg2 25. Nxg2 Rcd8 26. Ne4 c4 $1 27. bxc4 Nxa4 28. Ba1 Nc5 $1 {-/+} 29. Nf2 a4
30. f5 exf5 31. Nf4 Nb3 32. Rc2 Nc7 33. Re2 Nxa1 34. Qxa1 Bc5 35. e6 fxe6 36.
d4 Rxd4 37. Rde1 Rd2 38. Qe5 Rxe2 39. Nxe2 Qa7 0-1

[Event "EU-ch 2nd"]
[Site "Ohrid"]
[Date "2001.06.14"]
[Round "13"]
[White "Markowski, Tomasz"]
[Black "Vaisser, Anatoli"]
[Result "1/2-1/2"]
[WhiteElo "2592"]
[BlackElo "2540"]
[Annotator "Ribli,Z"]
[PlyCount "121"]
[EventDate "2001.06.01"]
[EventType "swiss"]
[EventRounds "13"]
[EventCountry "YUG"]
[SourceTitle "CBM 084"]
[Source "ChessBase"]
[SourceDate "2001.09.13"]
[SourceVersion "1"]
[SourceVersionDate "2001.09.13"]
[SourceQuality "1"]

1. Nf3 d5 2. g3 Nf6 3. Bg2 e6 4. O-O Be7 5. c4 dxc4 6. Qa4+ c6 {Dieser Aufbau
ist in jüngster Zeit sehr populär - Schwarz möchte anschließend b7-b5 ziehen
und seinen Läufer nach b7 entwickeln.} (6... Nbd7) 7. Qxc4 b5 (7... O-O 8. d4
b5 9. Qc2 Bb7 10. Nc3 a6 11. Bg5 Nbd7 12. Rfd1 Rc8 13. Rac1 h6 14. Bxf6 Nxf6
15. e4 Qb6 16. e5 Nd7 17. a3 c5 18. d5 exd5 19. Nxd5 Bxd5 20. Rxd5 Qe6 21. Rcd1
Nb6 22. R5d2 (22. Rd6 $4 Bxd6 23. Rxd6 Qc4 $19) 22... Rcd8 {1/2-1/2 Gyorkos,
L-Krizsany,L/Budapest 1992/CBM 30 ext (65)}) 8. Qc2 Bb7 9. d3 (9. d4 Nbd7 10.
Nc3 Rc8 11. Rd1 Qb6 12. e4 O-O 13. e5 Nd5 14. Bg5 Bb4 15. Ne4 c5 16. Nd6 Rc7
17. Nxb7 Qxb7 18. dxc5 Bxc5 19. Qe2 a6 20. Nd4 N7b6 21. Nb3 Rfc8 22. Nxc5 Rxc5
23. Be4 Qc7 {0-1 Prudnikova,S-Maric,A/Vrnjacka Banja 1999/EXT 2000 (50)}) (9.
b3) 9... c5 $11 {Schwarz hat eine bequeme Stellung ohne Eröffnungsprobleme
erreicht. Zwar hat ihn die Zugfolge c6-c5 ein Tempo gekostet, dafür aber
spielte Weiß Qa4-Qxc4-Qc2.} 10. a4 a6 (10... b4 $6 11. Nbd2 $14 {[%csl Yc4]
[%cal Gd2c4]}) (10... bxa4 $6 11. Nc3 $14) 11. axb5 axb5 12. Rxa8 Bxa8 13. Nc3
b4 $5 $13 {Normalerweise provoziert Schwarz seinen Gegner in solchen
Stellungen zu diesem Zug. Hier aber kann Schwarz b4mit Tempo spielen. Der
Textzug ist jedoch riskant und führt zu Komplikationen.} (13... Qb6 $11) (13...
Bc6 $11) 14. Na4 Nbd7 15. Be3 {[%csl Rc5]} Qa5 16. Rc1 O-O 17. Nxc5 {Weiß muss
den Bauern nehmen, sonst spielt Schwarz 17...Rc8 und 18...Bc6 mit gutem Spiel.}
Nxc5 18. Bxc5 Rc8 {[%cal Gc8c1]} 19. d4 (19. Bxe7 Rxc2 20. Rxc2 Bb7 $15) 19...
Nd7 20. Ne1 {[%cal Ge1d3]} (20. Bxe7 Rxc2 21. Rxc2 Qa1+ 22. Bf1 Nb6 $15) 20...
Bxg2 21. Kxg2 Qa8+ (21... Nxc5 22. Nd3 {[%cal Gc1c8]} Qa8+ 23. Kg1 b3 24. Qc4
$16) 22. Kg1 (22. Nf3 Nxc5 $11) 22... e5 {[%mdl 64]} 23. Qf5 $14 (23. Qd2 $5
Nxc5 24. dxc5 Rxc5 25. Rxc5 Bxc5 26. Nd3 Qd8 27. Qc2 Bd6 28. Qc4 $14 {[%csl
Gc4,Gd3]}) 23... Qb7 (23... exd4 24. Qxd7 Rxc5 25. Rxc5 Bxc5 26. Nd3 $16 {
[%csl Rc5,Gd3,Gd7]}) 24. Nd3 (24. Rc4 $14) 24... g6 25. Qh3 (25. Qg4 $6 Nxc5
26. Nxc5 f5 27. Qf3 Qxf3 28. exf3 exd4 29. Nd3 $15) 25... e4 (25... Nxc5 26.
Nxc5 $16) 26. Bxe7 (26. Qg2 Nxc5 27. Nxc5 Qd5 $11) 26... exd3 27. Rxc8+ Qxc8
28. exd3 {Nach unklaren Verwicklungen hat Weiß zwei Bauern mehr, aber diese
Mehrbauern auf der d-Linie sind auch ziemlich schwach.} Qc1+ 29. Kg2 (29. Qf1
Qxb2 $132) 29... Qc6+ 30. d5 (30. Kf1 Qc1+) 30... Qxd5+ 31. Kg1 b3 {Noch hat
Weiß einen Bauern mehr, aber der Pd3 ist nicht zu halten.} (31... Qxd3 32. Qg4
(32. Bxb4 Qb1+ 33. Kg2 Qe4+ (33... Qxb2 $11) 34. Kg1 Qxb4 35. Qxd7 Qxb2 $11)
32... b3 {Das führt zu unserer Partiefortsetzung.}) 32. Qg4 Qxd3 $11 {[%mdl
4096]} 33. Kg2 Qd5+ 34. Qf3 Qe6 (34... Qxf3+ 35. Kxf3 $14 {[%csl Rb3]}) 35. Bb4
{[%cal Gb4c3,Gc3h8]} f6 36. Bc3 h5 37. h3 (37. h4 $5 $11) 37... Kf7 38. Qb7 g5
39. Qb5 Kg6 40. Qd3+ Kh6 (40... Qf5 $2 41. Qc4 $16 {[%cal Rc4b3,Rc4g8]}) 41.
Qf3 g4 42. hxg4 hxg4 {Schwarz hat etwas positionellen Druck.} 43. Qa8 Kg6 44.
Qa5 Nb6 45. Kg1 Nd5 $15 {[%csl Gd5]} 46. Bd4 Qe4 47. Qa7 {Schwarz hat die
aktivere Figurenstellung, aber er kommt nicht weiter - das weiße Lager ist gut
verteidigt.} Qe1+ 48. Kh2 (48. Kg2) 48... Qe6 49. Qb8 Ne7 50. Bc3 Nf5 51. Qf8
Nd6 {In solchen Stellungen sagt man, Schwarz habe das bessere Remis. Er kann
seine Stellung nicht weiter verbessern.} 52. Bd2 Nf5 53. Bc3 Nd6 54. Bd4 (54.
Bd2 $11) 54... Nf5 55. Bc5 Ng7 56. Ba3 Qe2 57. Kg1 Qe1+ 58. Kg2 Qe4+ 59. Kg1
Qe1+ 60. Kg2 Qe4+ 61. Kg1 1/2-1/2

[Event "OHRA-B"]
[Site "Amsterdam"]
[Date "1990.??.??"]
[Round "7"]
[White "Bertholee, Rob"]
[Black "Van Riemsdijk, Herman Claudius"]
[Result "0-1"]
[WhiteElo "2360"]
[BlackElo "2440"]
[Annotator "Ribli,Z"]
[PlyCount "104"]
[EventDate "1990.07.??"]
[EventType "swiss"]
[EventRounds "9"]
[EventCountry "NED"]
[SourceTitle "CBM 020"]
[Source "ChessBase"]
[SourceDate "1991.02.01"]
[SourceVersion "1"]
[SourceVersionDate "1991.02.01"]
[SourceQuality "1"]

1. Nf3 d5 2. c4 e6 3. g3 Nf6 4. Bg2 dxc4 5. O-O c6 6. a4 Qd5 7. a5 Na6 8. Nc3
Qh5 9. Qa4 Bb4 $1 10. Na2 Bxa5 11. Qxc4 O-O 12. d4 Nc7 13. Nc3 Bb6 14. e4 Rd8
15. h3 h6 16. Be3 Nd7 17. Nh4 f6 18. f4 Qf7 19. Rae1 Nf8 20. Kh2 Bd7 21. g4 Be8
22. Nf3 Nb5 23. Ne2 e5 $1 24. Qxf7+ Bxf7 25. fxe5 fxe5 26. Nxe5 Be6 27. Rd1 Bc7
28. Bf4 Bb3 29. Rd2 (29. Rd3 Bxe5 30. Rxb3 (30. Bxe5 Bc4 31. Rd2 Ng6 $17) 30...
Bxf4+ 31. Rxf4 Ne6 32. Rf2 Nexd4 $19) 29... Ne6 30. Bg3 Nbxd4 31. Nc1 Ba4 32.
Rdf2 Bb5 33. Rd1 c5 34. Rdd2 Re8 35. Ng6 Bxg3+ 36. Kxg3 Kh7 37. Nh4 Ng5 38. Nf5
Bc6 39. Nxd4 cxd4 40. Rxd4 Nxe4+ 41. Bxe4+ Rxe4 42. Rdd2 Re3+ 43. Kh2 Re1 44.
Ne2 Rh1+ 45. Kg3 Re8 46. Nd4 Re3+ 47. Kf4 Rhxh3 48. Nxc6 bxc6 49. Rd7 Re6 50.
g5 hxg5+ 51. Kg4 Rh4+ 52. Kxg5 Reh6 0-1

[Event "USA-ch"]
[Site "USA"]
[Date "1989.??.??"]
[Round "6"]
[White "Ivanov, Igor Vasilievich"]
[Black "Rohde, Michael A"]
[Result "1/2-1/2"]
[WhiteElo "2505"]
[BlackElo "2550"]
[Annotator "Ribli,Z"]
[PlyCount "120"]
[EventDate "1989.11.??"]
[EventType "tourn"]
[EventRounds "15"]
[EventCountry "USA"]
[EventCategory "12"]
[SourceTitle "CBM 019"]
[Source "ChessBase"]
[SourceDate "1990.12.01"]
[SourceVersion "1"]
[SourceVersionDate "1990.12.01"]
[SourceQuality "1"]

1. Nf3 Nf6 2. c4 e6 3. g3 a6 4. Bg2 b5 5. Ne5 $5 Ra7 6. b3 (6. cxb5 axb5 7. Qb3
Bb7 8. O-O Bxg2 9. Kxg2 Na6 $2 (9... c6 10. d4 Be7 11. Bg5 d6 12. Nf3 Nbd7 13.
Nbd2 {Vaganian-Korchnoi London 1984 37/13}) 10. Qxb5 $16 {Vaganian-Seirawan
Biel izt 1985 40/14}) 6... Bb7 7. Bxb7 Rxb7 8. O-O d6 9. Nf3 g6 10. d3 Bg7 11.
Bb2 bxc4 12. dxc4 O-O 13. Nc3 Nbd7 14. Qc2 e5 15. Rad1 Re8 16. Nd2 e4 17. f3
exf3 18. exf3 Nc5 19. Ba3 (19. Rfe1 $5) 19... Qe7 20. Kg2 Rbb8 21. Bxc5 dxc5
22. Rf2 Rbd8 23. Nf1 Nh5 24. Re2 Qg5 25. Rxd8 Qxd8 26. Rxe8+ Qxe8 27. Qe4 Qd8
28. Nd5 Kf8 29. f4 c6 30. Nde3 Qd6 31. Kf3 Bd4 32. Nc2 Bb2 33. Qe2 Nf6 34. Ne1
Bd4 35. Nd3 Qd7 36. Kg2 Qf5 37. h3 h5 38. Nd2 a5 39. Nf3 Ne4 40. Nh4 Qe6 41. f5
$1 gxf5 42. Nf4 Qf6 43. Qxh5 Ng5 44. Nf3 Ne4 45. Qh4 Qd6 46. Qh7 Qf6 47. Qh4
Qd6 48. Qh5 Qf6 49. Nd3 Qd6 50. Nde5 Bxe5 51. Qxf5 Bxg3 52. Qxe4 Bf4 53. Qf5
Qg6+ 54. Qxg6 fxg6 55. Nh4 Kf7 56. Kf3 Bg5 57. Ng2 Be7 58. Ke4 Bd6 59. Nf4 Kf6
60. h4 Bb8 {Ribli} 1/2-1/2

[Event "Prague"]
[Site "Prague"]
[Date "1990.??.??"]
[Round "2"]
[White "Smejkal, Jan"]
[Black "Short, Nigel D"]
[Result "0-1"]
[WhiteElo "2545"]
[BlackElo "2610"]
[Annotator "Ribli,Z"]
[PlyCount "79"]
[EventDate "1990.08.??"]
[EventType "game"]
[EventRounds "1"]
[EventCountry "CSR"]
[SourceTitle "CBM 020"]
[Source "ChessBase"]
[SourceDate "1991.02.01"]
[SourceVersion "1"]
[SourceVersionDate "1991.02.01"]
[SourceQuality "1"]

1. c4 e6 2. g3 d5 3. Bg2 g6 4. d4 Bg7 5. Nf3 Ne7 6. O-O O-O 7. Nc3 (7. Nbd2
Nbc6 8. e3 {Kortschnoj,V-Short,N Skelleftea WCup CBM/14 48/(4)}) 7... Nbc6 8.
cxd5 exd5 9. b3 Bg4 (9... Nf5 10. e3 Nce7 11. Ba3 Re8 12. Ne5 {Csom,I-Horvath,
Jo Budapest Noviki-A 1990}) 10. e3 Qd7 11. Ba3 Rfe8 12. Rc1 Nd8 13. h3 Bxf3 14.
Qxf3 c6 15. h4 Ne6 16. Na4 Nc8 17. Bh3 Nb6 18. Qd1 Nxa4 19. bxa4 Bf8 20. Bxf8
Kxf8 21. Rb1 Re7 22. Rb3 Rc8 23. a5 Rc7 24. Qd3 Qd6 25. Rfb1 f5 26. Rb4 a6 27.
R1b2 Kg7 28. Qb1 Nd8 29. R2b3 Qd7 30. Rb6 Nf7 31. Bf1 Nd6 32. Bd3 h6 33. Qd1
Qe6 34. Rb1 Qf6 35. Kg2 Rf7 36. Qf3 Qd8 37. R6b3 Rce7 38. Ra3 Re6 39. Qf4 Ne4
40. Rb2 {Zeit} 0-1

[Event "Altensteig"]
[Site "Altensteig"]
[Date "1990.??.??"]
[Round "6"]
[White "Rajkovic, Dusan"]
[Black "Gabriel, Christian"]
[Result "1-0"]
[WhiteElo "2485"]
[BlackElo "2365"]
[Annotator "Ribli,Z"]
[PlyCount "53"]
[EventDate "1990.07.??"]
[EventType "tourn"]
[EventRounds "11"]
[EventCountry "GER"]
[EventCategory "9"]
[SourceTitle "CBM 020"]
[Source "ChessBase"]
[SourceDate "1991.02.01"]
[SourceVersion "1"]
[SourceVersionDate "1991.02.01"]
[SourceQuality "1"]

1. Nf3 Nf6 2. c4 e6 3. g3 d5 4. Bg2 dxc4 5. Qa4+ Nbd7 6. Qxc4 c5 7. O-O a6 8.
Qc2 b5 9. a4 Bb7 10. d3 (10. Nc3 Bc6 11. d3 Be7 {Paunovic,D-Ilincic,Z JUG-ch
1989 CBM/13}) 10... Bd6 (10... Be7 $1 11. Nc3 Qb6 12. Qb3 Nd5 13. axb5 axb5 14.
Rxa8+ Bxa8 15. Bg5 Nxc3 16. Qxc3 Bxg5 17. Nxg5 O-O $10 {Beliavsky-Sisniega
Mexico 1978}) 11. Nc3 Qb6 (11... b4 12. Nb1 {/\ Nd2 /\ Nc4 +/=}) 12. Qb3 Bc6 (
12... Nd5 $2 13. axb5 axb5 14. Rxa8+ Bxa8 15. Nxb5 O-O 16. Nd2 $18) 13. axb5
Rb8 14. Na4 $1 Qxb5 15. Qa3 Nd5 16. Nc3 Nxc3 17. bxc3 Rb6 18. c4 Qb4 19. Qxb4
cxb4 20. Be3 Bc5 21. d4 Be7 22. d5 exd5 23. Bxb6 Nxb6 24. Rxa6 Bc5 25. Ne5 Bb7
26. Ra7 Bc8 27. Nd3 1-0

[Event "Altensteig"]
[Site "Altensteig"]
[Date "1990.??.??"]
[Round "2"]
[White "Wirthensohn, Heinz"]
[Black "Luther, Thomas"]
[Result "1/2-1/2"]
[WhiteElo "2430"]
[BlackElo "2385"]
[Annotator "Ribli,Z"]
[PlyCount "37"]
[EventDate "1990.07.??"]
[EventType "tourn"]
[EventRounds "11"]
[EventCountry "GER"]
[EventCategory "9"]
[SourceTitle "CBM 020"]
[Source "ChessBase"]
[SourceDate "1991.02.01"]
[SourceVersion "1"]
[SourceVersionDate "1991.02.01"]
[SourceQuality "1"]

1. Nf3 Nf6 2. c4 e6 3. g3 d5 4. Bg2 dxc4 5. Qa4+ Nbd7 6. Qxc4 c5 7. d3 Bd6 8.
a4 O-O 9. Nc3 (9. O-O Nb6 10. Qc2 $14 {Dorfman-Nogueiras Moskva GMA 1990 49/9})
9... a6 10. Qb3 Rb8 11. Nd2 b6 12. Nc4 Bc7 13. O-O Ne5 (13... Bb7 $2 14. Bxb7
Rxb7 15. Na5 $18) 14. Bf4 (14. Rd1 $5 Bd7 15. Nxe5 Bxe5 16. Qc4 a5 17. Be3 $14
{Vukic-Dizdar Zenica 1985}) 14... Nxc4 15. Qxc4 Bxf4 16. Qxf4 Bb7 17. Bxb7 Rxb7
18. Qc4 a5 19. Ne4 1/2-1/2

[Event "OHRA-B"]
[Site "Amsterdam"]
[Date "1990.??.??"]
[Round "4"]
[White "Psakhis, Lev"]
[Black "Polgar, Sofia"]
[Result "1-0"]
[WhiteElo "2575"]
[BlackElo "2425"]
[Annotator "Ribli,Z"]
[PlyCount "69"]
[EventDate "1990.07.??"]
[EventType "swiss"]
[EventRounds "9"]
[EventCountry "NED"]
[SourceTitle "CBM 020"]
[Source "ChessBase"]
[SourceDate "1991.02.01"]
[SourceVersion "1"]
[SourceVersionDate "1991.02.01"]
[SourceQuality "1"]

1. c4 e6 2. Nf3 d5 3. b3 Nf6 4. Bb2 Bd6 (4... Be7 $5) 5. g3 (5. e3 O-O 6. Be2
b6 7. O-O Bb7 8. Nc3 Nbd7 9. d4 a6 10. Qc2 Qe7 11. Rad1 Rac8 $10 {
Simagin-Hasin URS 1968 5/27}) 5... O-O 6. Bg2 Nbd7 7. Nc3 c6 8. Qc2 Qe7 9. O-O
a6 10. d4 dxc4 11. bxc4 e5 12. c5 Bc7 13. e3 Rd8 14. Rad1 exd4 15. exd4 Nf8 16.
Rfe1 Ne6 17. Ne4 $1 Nd5 18. Neg5 g6 19. h4 $36 Qf6 20. Ne4 Qg7 21. Nc3 Bd7 22.
Nxd5 cxd5 23. Ne5 $16 Bxe5 24. Rxe5 Bc6 25. Qb3 Nc7 26. Bc1 f6 27. Ree1 Qd7 28.
Bf4 Ne6 29. Bd6 Ba4 30. Qxd5 Bxd1 31. Rxe6 Kg7 32. Rxf6 $1 Qe8 (32... Kxf6 33.
Qe5+ Kf7 34. Bd5+) 33. Rf4 Rd7 34. Be5+ Kh6 35. Qc4 1-0

[Event "OHRA-B"]
[Site "Amsterdam"]
[Date "1990.??.??"]
[Round "1"]
[White "Hansen, Curt"]
[Black "Van Riemsdijk, Herman Claudius"]
[Result "1/2-1/2"]
[WhiteElo "2560"]
[BlackElo "2440"]
[Annotator "Ribli,Z"]
[PlyCount "59"]
[EventDate "1990.07.??"]
[EventType "swiss"]
[EventRounds "9"]
[EventCountry "NED"]
[SourceTitle "CBM 020"]
[Source "ChessBase"]
[SourceDate "1991.02.01"]
[SourceVersion "1"]
[SourceVersionDate "1991.02.01"]
[SourceQuality "1"]

1. c4 e6 2. g3 d5 3. Bg2 Nf6 4. Nf3 dxc4 5. Qc2 Nbd7 (5... c5 6. O-O Nc6 7. Na3
Nb4 8. Qd1 Qc7 9. Nxc4 b5 10. Nce5 {Suba,M-Olafsson,F Reykjavik Summit 1990 49/
10 CBM/18}) (5... a6 6. a4 (6. Ne5 Nd5 7. a4 Nb4 8. Qxc4 Qd6 9. Qc3 N8c6 10.
Nxc6 Nxc6 11. d3 {Lautier,J-Van der Wiel,J Cannes FRA-NLD 1990 CBM/18}) 6...
Nc6 7. Qxc4 (7. Na3 b5 8. O-O Nb4 9. Qb1 Bb7 {Seret,JL-Van der Wiel,J Lyon zt
1990 CBM/18}) 7... Qd5 8. Qc2 Nd4 9. Qd1 {Suba-Van der Wiel Reykjavik 1990 49/
(10)}) 6. Qxc4 (6. Na3 c5 7. O-O Qc7 8. Nxc4 b5 9. Ne3 Bb7 {Davies,N-Tisdall,J
Preston 1989 CBM/14}) 6... a6 7. Qc2 Bd6 8. Nc3 O-O 9. d4 c5 10. O-O Qc7 11.
dxc5 Nxc5 12. Bg5 (12. Be3 $5) 12... Nce4 13. Rac1 Nxc3 14. Bxf6 (14. Qxc3 $5
Qxc3 15. Rxc3 Ne4 16. Rd3) 14... gxf6 15. Qxc3 Qxc3 16. Rxc3 Rd8 17. Rd1 Be7
18. Rxd8+ Bxd8 19. Nd2 Rb8 20. Rd3 Be7 21. Nc4 b6 22. Bf3 a5 23. Rb3 Bb4 24. a3
b5 25. Nb6 Bc5 26. Nxc8 b4 $1 27. axb4 axb4 28. Rd3 Rxc8 29. Rd7 Kf8 30. Bb7
1/2-1/2

[Event "URS-sf Ukraine-ch"]
[Site "Kherson"]
[Date "1989.??.??"]
[Round "?"]
[White "Foygel, Igor"]
[Black "Moroz, Alexander"]
[Result "1-0"]
[WhiteElo "2370"]
[BlackElo "2380"]
[Annotator "Ribli,Z"]
[PlyCount "171"]
[EventDate "1989.11.??"]
[EventType "tourn"]
[EventRounds "15"]
[EventCountry "URS"]
[EventCategory "7"]
[SourceTitle "CBM 016"]
[Source "ChessBase"]
[SourceDate "1990.06.01"]
[SourceVersion "1"]
[SourceVersionDate "1990.06.01"]
[SourceQuality "1"]

1. Nf3 d5 2. c4 e6 3. g3 dxc4 4. Bg2 (4. Qa4+ Nd7 5. Qxc4 a6 6. Bg2 b5 7. Qc2
Bb7 8. a4 c5 9. O-O Ngf6 10. d3 Be7 {Fischbein,A-Kharitonov,A  Moscow-A 1989
CBM 14   =}) 4... a6 $5 5. Qc2 (5. a4 Nc6 $1 6. a5 Bb4 7. Ne5 Nxe5 8. Qa4+ Bd7
9. Qxb4 Ne7 10. f4 Bc6 11. Bxc6+ N7xc6 12. Qc3 Qd5 13. Rf1 Ng4 14. Qxg7 Nxh2 $1
15. Qxh8+ Ke7 16. Qxa8 Qg2 17. d3 Nd4 $1 {Afifi-Beliavsky  Tunis izt 1985  -/+}
) 5... b5 6. Ne5 Ra7 7. b3 cxb3 8. axb3 Bb7 9. e4 Nf6 10. O-O Be7 11. Bb2 O-O
$2 {12...c5!} 12. d4 Nfd7 13. Nd3 {~/=} Nf6 14. Nc5 Bc8 15. Nd2 Nbd7 16. Rfd1
Qe8 17. h3 a5 18. Nd3 Nb6 19. Ne5 a4 20. Nc6 axb3 21. Qxb3 Rxa1 22. Nxe7+ Qxe7
23. Rxa1 Qd7 24. d5 $1 exd5 25. Bxf6 gxf6 26. exd5 Bb7 {26...Kg7!?} 27. Ne4 $1
Kg7 28. Nc5 Bxd5 29. Nxd7 Bxb3 30. Nxf8 Kxf8 31. Ra7 Nd5 32. Bxd5 Bxd5 33. Rxc7
b4 34. h4 b3 35. Rd7 Be4 36. Rd8+ Ke7 37. Rb8 Bc2 38. Kf1 Ke6 39. Ke2 h5 40.
Rb5 f5 41. Ke3 Kd6 42. Kd2 Kc6 43. Ra5 Kd6 44. Kc3 Ke6 45. Ra6+ Ke5 46. Rh6 Bd1
47. Kd2 Bf3 48. Ke3 Be4 49. Rb6 Bc2 50. Rb5+ Kd6 51. Kd4 Kc6 52. Rb4 f6 53. Kc4
Kd6 54. Kc3 Ke5 55. Ra4 Kd5 56. Rd4+ Ke5 57. Rb4 Kd5 58. Kd2 Kc5 59. Ra4 Kb5
60. Rf4 Kc5 61. Kc3 Kd5 62. Rd4+ Ke5 63. f3 Ke6 64. f4 Ke7 65. Rd2 Ke6 66. Rd8
Ke7 67. Rh8 Bd1 68. Kd2 Bf3 69. Rb8 Bd5 70. Rb6 Be6 71. Kc3 Kd7 72. Rb7+ Ke8
73. Kd4 Kd8 74. Rh7 Bg8 75. Rg7 Be6 76. Rb7 Kc8 77. Rb6 Kd7 78. Kc5 Bg8 79.
Rd6+ Ke7 80. Rd4 Be6 81. Rd1 Bg8 82. Ra1 Kd7 83. Ra7+ Kc8 84. Kc6 Kb8 85. Re7
Bc4 86. Kb6 1-0